Bodovací systém si vyžaduje modifikáciu

Administratívna náročnosť, ale aj racionálne jadro bodovacieho systému sledovania zdravotníckych výkonov (situácia k máju 1994). Jeho hodnotenie vo Fakultnej nemocnici v Bratislave, ekonomické výsledky (produkcia, náklady, rozdiel) lôžkových a nelôžkových oddelení.

Guardado en:
Detalles Bibliográficos
Autor principal: Štofko, J.
Formato: Capítulo de libro
Lenguaje:eslovaco
Materias:
Etiquetas: Agregar Etiqueta
Sin Etiquetas, Sea el primero en etiquetar este registro!

MARC

LEADER 00000naa a2200000 4500
001 r015231
005 20221205091100.5
041 0 |a slo 
044 |a SK 
245 1 0 |a Bodovací systém si vyžaduje modifikáciu  |c J. Štofko 
520 |a Administratívna náročnosť, ale aj racionálne jadro bodovacieho systému sledovania zdravotníckych výkonov (situácia k máju 1994). Jeho hodnotenie vo Fakultnej nemocnici v Bratislave, ekonomické výsledky (produkcia, náklady, rozdiel) lôžkových a nelôžkových oddelení. 
610 2 0 |a zdravotníctvo 
610 2 0 |a nemocnice 
610 2 0 |a výkony podnikové 
610 2 0 |a výsledok hospodársky 
610 2 0 |a financovanie 
610 2 0 |a Slovensko 
100 1 |a Štofko, J.